Healthy new towns (Record no. 116250)

MARC details
000 -LEADER
fixed length control field 00782cam a22002055a 4500
001 - CONTROL NUMBER
control field L160162
008 - FIXED-LENGTH DATA ELEMENTS--GENERAL INFORMATION
fixed length control field 180906s2018 xxk f 000 0 eng d
035 ## - SYSTEM CONTROL NUMBER
System control number (Sirsi) u160162
041 0# - LANGUAGE CODE
Language code of text/sound track or separate title eng
110 2# - MAIN ENTRY--CORPORATE NAME
Corporate name or jurisdiction name as entry element NHS England
9 (RLIN) 6211
245 00 - TITLE STATEMENT
Title Healthy new towns
Medium [electronic resource]
520 ## - SUMMARY, ETC.
Summary, etc. NHS England has desiginated 10 healthy new towns and is working with the developers to promote health and wellbeing and secure high quality health and care services for their communities.
590 ## - LOCAL NOTE (RLIN)
Local note KA
650 24 - SUBJECT ADDED ENTRY--TOPICAL TERM
Topical term or geographic name entry element NEW TOWNS
650 24 - SUBJECT ADDED ENTRY--TOPICAL TERM
Topical term or geographic name entry element WELL BEING
651 #4 - SUBJECT ADDED ENTRY--GEOGRAPHIC NAME
Geographic name England
690 ## - LOCAL SUBJECT ADDED ENTRY--TOPICAL TERM (OCLC, RLIN)
Topical term or geographic name as entry element Planning and development
9 (RLIN) 6259
856 40 - ELECTRONIC LOCATION AND ACCESS
Uniform Resource Identifier <a href="https://www.england.nhs.uk/ourwork/innovation/healthy-new-towns/">https://www.england.nhs.uk/ourwork/innovation/healthy-new-towns/</a>
Public note View the item free of charge from the www.www.england.nhs.uk
942 ## - ADDED ENTRY ELEMENTS (KOHA)
Suppress in OPAC 0
Holdings
Withdrawn status Lost status Source of classification or shelving scheme Damaged status Not for loan Home library Current library Shelving location Date acquired Total Checkouts Full call number Barcode Date last seen Copy number Price effective from Koha item type
    Dewey Decimal Classification     London London Online 06/09/2018   ONLINE PUBLICATION 160162-1001 06/08/2019 1 06/08/2019 Book